Score 0/196 Timer 15:00
3 Plays Today
% Correct
Monday
98%
Tuesday
97.2%
Thursday
96.4%
Friday
96.4%
Wednesday
96.3%
Sunday
96.3%
Saturday
96.1%
Lunes
58%
Domingo
55.9%
Domingo
55.9%
Martes
54%
Sábado
53.9%
Sábado
53.9%
Miércoles
53.1%
E martë
51.9%
Mardi
51.7%
Lundi
51.4%
Viernes
46.1%
Jueves
44.9%
Mercredi
44.3%
Vendredi
41.1%
Dimanche
40.9%
Samedi
40.6%
Jeudi
39.9%
Montag
34.2%
Freitag
28.9%
Sonntag
25.3%
Donnerstag
24.1%
Dienstag
23.9%
Mittwoch
23.8%
Samstag
22.7%
Lunedì
15.9%
Martedì
13.4%
Sabato
13.4%
Mercoledì
12.3%
Domenica
11.7%
Venerdì
11.2%
Giovedì
10.7%
Luni
10.6%
Marţi
10.3%
Söndag
6.8%
Maandag
6.7%
Måndag
6.5%
Dinsdag
6.4%
Zondag
6.4%
Donderdag
6.3%
Segunda-feira
6.3%
Vrijdag
6.2%
Sexta-feira
6%
Zaterdag
6%
Woensdag
6%
Quinta-feira
6%
Quarta-feira
6%
Torsdag
6%
Terça-feira
5.9%
Суббота (subbota)
5.8%
Fredag
5.8%
Onsdag
5.5%
Lördag
5.3%
Tisdag
5%
Dydd Iau
4%
Среда (sreda)
3.9%
Sobota
3.8%
Sobota
3.8%
Вторник (vtornik)
3.7%
星期一 (xīng qī yī)
3.7%
% Correct
げつようび (getsuyōbi)
3.6%
きんようび (kinyōbi)
3.6%
星期二 (xīng qī èr)
3.6%
Понедельник (ponedelnik)
3.6%
かようび (kayōbi)
3.6%
星期三 (xīng qī sān)
3.6%
にちようび (nichiyōbi)
3.5%
星期五 (xīng qī wǔ)
3.5%
星期四 (xīng qī sì)
3.5%
もくようび (mokuyōbi)
3.5%
すいようび (suiyōbi)
3.5%
星期六 (xīng qī liù)
3.5%
どようび (doyōbi)
3.4%
الْجُمْعَة (jumah)
3.4%
Dilluns
3.3%
Dimarts
3.2%
Llun
3.1%
Пятница (pyatnitsa)
3.1%
Четверг (chetverg)
3.1%
Wtorek
3%
Środa
3%
Piątek
3%
Dijous
2.9%
Dimecres
2.9%
Poniedziałek
2.9%
Maanantai
2.8%
السَّبْتْ (sabt)
2.8%
Tiistai
2.8%
Dissabte
2.8%
Czwartek
2.8%
Divendres
2.8%
Niedziela
2.8%
Diumenge
2.8%
Torstai
2.7%
Sunnuntai
2.7%
Lauantai
2.7%
Keskiviikko
2.7%
Perjantai
2.6%
星期天 (xīng qī tiān)
2.6%
Воскресенье (voskresenye)
2.6%
Dydd Sul
2.4%
Dydd Mawrth
2.4%
Sadwrn
2.3%
Dydd Mercher
2.3%
Jumat
2.3%
Dydd Gwener
2.1%
Joi
2.1%
Miercuri
2%
الأَحَدْ (ahad)
1.9%
Jumatatu
1.9%
Jumanne
1.8%
Duminică
1.8%
Vineri
1.8%
Jumatano
1.8%
Jumapili
1.8%
Alhamisi
1.7%
Jumamosi
1.7%
Pátek
1.7%
Ijumaa
1.7%
Sâmbătă
1.6%
Středa
1.6%
Pondělí
1.6%
E hënë
1.6%
Neděle
1.6%
Sabtu
1.6%
Pazar
1.5%
% Correct
Kamis
1.5%
Rabu
1.5%
Senin
1.5%
Selasa
1.5%
Úterý
1.5%
Čtvrtek
1.5%
E mërkurë
1.5%
Cuma
1.4%
Minggu
1.4%
Pazartesi
1.4%
E diel
1.4%
Salı
1.4%
الإِثْنَيْنْ (ithnain)
1.3%
الْخَمِيْسْ (khamees)
1.3%
Cumartesi
1.3%
الثُّلاَثَاءْ (thulatha)
1.3%
E shtunë
1.3%
E premte
1.3%
E enjte
1.3%
Çarşamba
1.2%
Perşembe
1.2%
Thứ Ba
1.1%
دوشنبه (doshanbe)
1.1%
الأَرْبِعَاءْ (arbiaa)
1.1%
Thứ hai
1.1%
Thứ Tư
1%
Thứ Năm
1%
Esmaspäev
1%
Thứ Bảy
0.9%
Thứ Sáu
0.9%
Reede
0.9%
Astelehen
0.9%
شنبه (shanbe)
0.9%
Ostegun
0.9%
Ostiral
0.9%
Astearte
0.9%
Chủ Nhật
0.9%
Asteazken
0.9%
Igande
0.9%
جمعه (jom'e)
0.8%
Larunbat
0.8%
سه‌شنبه (seshanbe)
0.8%
Pühapäev
0.8%
چهارشنبه (caharshanbe)
0.8%
یکشنبه (yekshanbe)
0.8%
Kolmapäev
0.8%
پنجشنبه (panjshanbe)
0.8%
Neljapäev
0.8%
Teisipäev
0.8%
Laupäev
0.8%
วันจันทร์ (wun jun)
0.6%
วันศุกร์ (wun sook)
0.6%
Կիրակի (kiraki)
0.6%
วันพุธ (wun poot)
0.5%
วันอาทิตย์ (wun ar-tit)
0.5%
Երեքշաբթի (yerekshapti)
0.5%
Շաբաթ օրը (shapat)
0.5%
วันอังคาร (wun ung-kan)
0.5%
Չորեքշաբթի (chorekshapti)
0.5%
วันพฤหัสบดี (wun pa-rue-hut)
0.5%
Երկուշաբթի (yerkushapti)
0.5%
Ուրբաթ (urpat)
0.5%
Հինգշաբթի (hingshapti)
0.4%
วันเสาร์ (wun sao)
0.3%

You're not logged in!

Compare scores with friends on all Sporcle quizzes.
OR
Log In

Sporcle TV

Today on Sporcle TV


Watch our educational content, quiz creation guides, and fun videos on Sporcle TV.

Show Comments

Extras

Top Quizzes Today


Score Distribution

Paid Content

Your Account Isn't Verified!

In order to create a playlist on Sporcle, you need to verify the email address you used during registration. Go to your Sporcle Settings to finish the process.

Report this User

Report this user for behavior that violates our Community Guidelines.

Details: